| 000 | 00938nam a2200253Ia 4500 | ||
|---|---|---|---|
| 003 | OSt | ||
| 005 | 20220923210956.0 | ||
| 006 | a|||||r|||| 00| 0 | ||
| 007 | ta | ||
| 008 | 220922b |||||||| |||| 00| 0 hin d | ||
| 020 |
_a81270552966 (hbk) _c120 |
||
| 024 | _a241,107 | ||
| 037 |
_b483, 02/03/2010, Vani Prakashan _cTextual |
||
| 040 |
_aARTS _cARTS _bhin |
||
| 041 |
_2hin _ahin |
||
| 082 | _aP152:g, N3 | ||
| 100 |
_aयायावर, भारत, संपा. _9156738 |
||
| 245 | 0 |
_aहिन्दी की अनस्थिरता _b एक ऐतिहासिक बहस |
|
| 246 | _aHindī kī anasthiratā: ek aitihāsik bahasa | ||
| 260 |
_aनयी दिल्ली _b वाणी प्रकाशन _c1993 |
||
| 300 |
_a155पृ. _ccm. |
||
| 942 |
_hP152:g, N3 _cTEXL _2CC |
||
| 999 |
_c293387 _d293387 |
||